000 00898nam a22002535i 4500
001 11140
003 ES-MaACL
005 20250806063118.0
007 t|
008 940216s1993 sp ||||0| spa j
020 _a84-7432-501-3
040 _aM-BN
_bspa
_cM-BN
080 _a511(091)
100 1 _aLizcano, Emmánuel,
_d1950-
_972621
245 1 0 _aImaginario colectivo y creación matemática
_b: la construcción social del número, el espacio y lo imposible en China y en Grecia /
_cpor Emmánuel Lizcano ; prólogo de Antonio Escohotado.
250 _a1ª ed.
260 _aBarcelona :
_bGedisa,
_c1993.
300 _a288 p ;
_c23 cm.
504 _aBibliografía. p. 277-288.
650 1 4 _aNúmeros-
_vHistoria.
_915647
700 1 _aEscohotado, Antonio,
_d1941-2021
_947583
852 _aES-MaACL
_jL-18499
_z. - Dedicatoria autógrafa del autor
999 _c11140
_d11140